На Волге (Запись № 5634479)

Подробности
000 -МАРКЕР
контрольное поле 01512nam0a22003371 4500
001 - ИДЕНТИФИКАТОР ЗАПИСИ
контрольное поле rc\2575368
005 - ИДЕНТИФИКАТОР ВЕРСИИ
контрольное поле 20250623113955.0
035 ## - ДРУГИЕ СИСТЕМНЫЕ НОМЕРА
Идентификатор записи (NLR Aleph) 006740039
100 ## - ДАННЫЕ ОБЩЕЙ ОБРАБОТКИ
Данные общей обработки 20110914d1928 |||y0rusy50 ca
101 0# - ЯЗЫК РЕСУРСА
Язык текста, звукозаписи и т.д. русский
102 ## - СТРАНА ПУБЛИКАЦИИ ИЛИ ПРОИЗВОДСТВА
Страна публикации Российская Федерация
105 ## - ПОЛЕ КОДИРОВАННЫХ ДАННЫХ: ТЕКСТОВЫЕ МАТЕРИАЛЫ, МОНОГРАФИЧЕСКИЕ
Кодированные данные о монографическом текстовом документе abc z |||||
200 1# - ЗАГЛАВИЕ И СВЕДЕНИЯ ОБ ОТВЕТСТВЕННОСТИ
Основное заглавие На Волге
Сведения, относящиеся к заглавию Третья книга для чтения и работы в сельской школе Нижнего Поволжья...
Первые сведения об ответственности Б. В. Зайковский, З. А. Кривоносова, Е. И. Перовский, И. Д. Сазонов
210 ## - ПУБЛИКАЦИЯ, РАСПРОСТРАНЕНИЕ И ДР.
Место издания, распространения и т.д. Москва
-- Ленинград
Имя издателя, распространителя и т. д. Гос. изд-во
Дата издания, распространения и т.д. 1928
Место изготовления Москва
Имя изготовителя 1-я Образцовая тип.
215 ## - ФИЗИЧЕСКАЯ ХАРАКТЕРИСТИКА
Специфическое обозначение материала и объем 408 с., 1 вклад. л. карт.
Другие сведения о физической характеристике ил., портр.
Размеры 24х16 см.
225 1# - СЕРИЯ
Основное заглавие серии Учебные пособия для школ I и II ступени
300 ## - ОБЩИЕ ПРИМЕЧАНИЯ
Текст примечания Под ред. Е. И. Перовского
300 ## - ОБЩИЕ ПРИМЕЧАНИЯ
Текст примечания Перед загл.: Б. В. Зайковский, З. А. Кривоносова, Е. И. Перовский, И. Д. Сазонов
300 ## - ОБЩИЕ ПРИМЕЧАНИЯ
Текст примечания На обл. дата: 1929
700 #1 - ИМЯ ЛИЦА - ПЕРВИЧНАЯ ОТВЕТСТВЕННОСТЬ
Начальный элемент ввода Зайковский
Часть имени, кроме начального элемента ввода Б.В.
Даты 1878-
Расширение инициалов личного имени Богдан Викторович
702 #1 - ИМЯ ЛИЦА - ВТОРИЧНАЯ ОТВЕТСТВЕННОСТЬ
Начальный элемент ввода Перовский
Часть имени, кроме начального элемента ввода Е.И.
Код отношения Прочие
702 #1 - ИМЯ ЛИЦА - ВТОРИЧНАЯ ОТВЕТСТВЕННОСТЬ
Начальный элемент ввода Сазонов
Часть имени, кроме начального элемента ввода И.Д.
Код отношения Прочие
702 #1 - ИМЯ ЛИЦА - ВТОРИЧНАЯ ОТВЕТСТВЕННОСТЬ
Начальный элемент ввода Кривоносов
Часть имени, кроме начального элемента ввода З.А.
Код отношения Прочие
801 #0 - ИСТОЧНИК ЗАПИСИ
Страна Российская Федерация
Организация NLR
Правила каталогизации psbo
801 #1 - ИСТОЧНИК ЗАПИСИ
Страна Российская Федерация
Организация ELAR
Источник данных rusmarc
852 ## - МЕСТОНАХОЖДЕНИЕ И ШИФР ХРАНЕНИЯ
Идентификатор организации NLR
Шифр хранения (Call Number) 67/155
852 ## - МЕСТОНАХОЖДЕНИЕ И ШИФР ХРАНЕНИЯ
Идентификатор организации NLR
Шифр хранения (Call Number) 115/241
942 ## - ДОПОЛНИТЕЛЬНЫЕ ЭЛЕМЕНТЫ ЗАПИСИ (АБИС)
Тип экземпляра АБИС Книга
980 ## - КОЛЛЕКЦИЯ
Название коллекции Национальная библиография
Экземпляры
Тип экземпляра Дата поступления Библиотека постоянного хранения Библиотека текущего хранения Место хранения Шифр хранения Штрих-код Статус экземпляра
Книга 26.10.2013 РНБ (Садовая) РНБ (Садовая) Русский книжный фонд -Главное здание, Ленинский читальный зал 67/155 6740039-10  
Книга 26.10.2013 РНБ (Садовая) РНБ (Садовая) Русский книжный фонд -Главное здание, Ленинский читальный зал 115/241 6740039-20